000 00275nam a22001217a 4500
008 170829b xxu||||| |||| 00| 0 eng d
041 _aeng
080 _210 ED
_a070
100 _a39
101 _aMED
245 _aPUBLIC SPEAKING THE ART
_cLUCAS.S.E
942 _2udc
_cBK
999 _c25285
_d25285